000 01358nam a22001577a 4500
999 _c521643
_d521643
008 230221b ||||| |||| 00| 0 eng d
100 _a Pavlic, Rodolfo Disi and Toro, Edgar Rebolledo
_937361
245 _aImplementing local participatory institutions: Evidence from the Chilean communes
260 _aLocal Government Studies
300 _a48(1), Feb, 2022: p.107-128
520 _aThis article analyses the factors shaping the implementation of local participatory institutions (LPI) using evidence from Chile’s 345 communes. Based on the literature on participatory politics, it identifies several factors associated with the implementation of LPI, which are categorised into two dimensions: municipal supply vs. civic demand, and capacity vs. agency. Regression analyses show that explanations emphasising social structure, and to a lesser extent, municipal capacity, have more explanatory power than the ones emphasising municipal and social agency. Specifically, municipal financial and professional capacity, and local poverty and population size have important effects on LPI implementation.- Reproduced
650 _aParticipatory instructions, Citizen participation, Transparency, Local governance, Subnational politics, Children politics.
_935713
773 _aLocal Government Studies
906 _aLOCAL GOVERNMENT
942 _cAR